| 000 | 00542nam a2200181Ia 4500 | ||
|---|---|---|---|
| 008 | 151202s9999||||xx |||||||||||||| ||und|| | ||
| 082 | _bPNVM-48995 | ||
| 100 | _aअवचट अनिल. | ||
| 245 | _aसरल तरल. | ||
| 260 | _bमॅजेस्टिक पब्लिशिंग हाऊस पुणे. | ||
| 260 | _c5 2012 | ||
| 300 | _a143 | ||
| 600 | _aअवचट अनिल. | ||
| 630 | _aसरल तरल. | ||
| 700 | _aअवचट अनिल. | ||
| 730 | _aसरल तरल. | ||
| 942 | _cBOOK | ||
| 999 |
_c1314892 _d1314889 |
||